000 00370nam a2200157Ia 4500
003 Ost
005 20260225132541.0
008 260225s9999||||xx |||||||||||||| ||und||
040 _cfsic
041 _afre
082 _a332.01
100 _aJanine Brèmond
_eAuteur
245 0 _aComprendre les problémes monétaires /
245 0 _cJanine Brèmond
942 _cكتاب
999 _c33548
_d33548